| 000 | 00447nam a2200169Ia 4500 | ||
|---|---|---|---|
| 008 | 230917s9999||||xx |||||||||||||| ||und|| | ||
| 020 | _cRS445 | ||
| 040 |
_e244199 _aMAIN |
||
| 041 | _aEnglish | ||
| 082 | _a589.3 V442B | ||
| 100 | _aVashishta B R | ||
| 245 | 0 | _aBotany for degree students. Pt.1: Algae | |
| 260 |
_aNew Delhi _bS Chand _c2015 |
||
| 300 | _a612 p. | ||
| 500 | _a2984 20/12/2017 RBP18/68348 29/12/2017 Main Budget | ||
| 942 | _cBK | ||
| 999 |
_c25102 _d25102 |
||